Toward a Christian theology of religion pluralism (Record no. 60007)
[ view plain ]
| 000 -LEADER | |
|---|---|
| fixed length control field | 00471nam a2200193Ia 4500 |
| 003 - CONTROL NUMBER IDENTIFIER | |
| control field | 0100 |
| 008 - FIXED-LENGTH DATA ELEMENTS--GENERAL INFORMATION | |
| fixed length control field | 130303s9999 xx 000 0 und d |
| 020 ## - INTERNATIONAL STANDARD BOOK NUMBER | |
| International Standard Book Number | 8187886471 |
| 040 ## - CATALOGING SOURCE | |
| Transcribing agency | ARRUPELIB |
| 050 ## - LIBRARY OF CONGRESS CALL NUMBER | |
| Classification number | BR127.D865 2001 |
| 300 ## - PHYSICAL DESCRIPTION | |
| Other physical details | 439p. 24cm. |
| 100 ## - MAIN ENTRY--PERSONAL NAME | |
| Personal name | Dupuis, Jacques |
| 245 ## - TITLE STATEMENT | |
| Title | Toward a Christian theology of religion pluralism |
| 260 ## - PUBLICATION, DISTRIBUTION, ETC. (IMPRINT) | |
| Place of publication, distribution, etc | Gujarat |
| 260 ## - PUBLICATION, DISTRIBUTION, ETC. (IMPRINT) | |
| Name of publisher, distributor, etc | Gujarat Sahitya Prakash |
| 260 ## - PUBLICATION, DISTRIBUTION, ETC. (IMPRINT) | |
| -- | 2001 |
| 300 ## - PHYSICAL DESCRIPTION | |
| Extent | xviii |
| 942 ## - ADDED ENTRY ELEMENTS (KOHA) | |
| Source of classification or shelving scheme | Library of Congress Classification |
| Koha issues (borrowed), all copies | 3 |
| Withdrawn status | Lost status | Source of classification or shelving scheme | Damaged status | Not for loan | Collection code | Home library | Current library | Shelving location | Date acquired | Total Checkouts | Full call number | Barcode | Date last seen | Date checked out | Copy number | Price effective from | Koha item type |
|---|---|---|---|---|---|---|---|---|---|---|---|---|---|---|---|---|---|
| Library of Congress Classification | Main Collection | ARRUPE LIBRARY | ARRUPE LIBRARY | 05/03/2013 | 5 | BR127.D865 2001 | 46003090803 | 11/11/2022 | 04/11/2022 | 1 | 05/03/2013 | Monograph ( Printed materials) |